Регионална библиотека "Любен Каравелов" - Русе

Кратки бележки из моя живот (Запис номер 128470)

MARC детайли
000 -Лидер
Контролно поле с фиксирана дължина 02461nam a2200421 c 4500
003 - Код на организацията, давaща контролен номер
Контролно поле BLK
005 - Дата и час на последна редакция
Контролно поле 20240321124852.0
008 - Елементи от данни с фиксирана дължина
fixed length control field 180409b bul|||||r ||||||| ||bul||
010 ## - Наследен системен номер
LC control number KNG00134192000
040 ## - Източник на каталожния запис
Идентификатор на билиотеката - собственик на записа BLK
041 ## - Код за език
Код за езика на текст/звукозапис или на отделно заглавие Български
Код за езика КДБФ Български
080 ## - УДК
Текстов определител УДК Партии и движения със социалистически и социалдемократически възгледи. Социалистически и социалдемократически партии. Вж и 327. 323
УДК код - определител по УДК 329.14
УДК определител (497.2)(092)(093.3)
УДК - код + определител 329.14(497.2)(092)(093.3)
080 ## - УДК
Текстов определител УДК Димитър Благоев Николов (Дядото). Български политик и философ, основател на организираното социалистическо движение в България и на първата социалдемократическа партия на Балкански полуостров
УДК код - определител по УДК 929 Благоев, Димитър
УДК определител
УДК - код + определител 929 Благоев, Димитър
100 ## - Редна дума - Автор
Автор Благоев, Димитър
Автор - информация (биография) Дядото
Дати, свързани с автора 1856 - 1924
Пълна форма на името Николов, Димитър Благоев
R(LIN) 377352
139 ## - Редно поле
Редна дума Благоев, Димитър
Авторски знак Бл - Б 47
245 10 - Сведения за заглавието
Заглавие Кратки бележки из моя живот
Редно поле (дума) Димитър Благоев; худож. Владимир Коновалов; предг. от Катя Топчиева.
250 ## - Област на изданието
Сведения за изданието 6. изд.
257 ## - Страна на издаване
Страна на създаване/издаване България
260 ## - Област на издателските данни
-- София
Име на издателя, разпространителя и проч. Партиздат
Година на издаване 1977
300 ## - Физическа характеристика
Страници 159 с.
Илюстрации и др. с ил.
Размери/Мащаб 17 см
380 ## - Жанр
Жанр Обществени науки
500 ## - Общи забележки
Забележка 1. изд. 1945. - 10 110 тир. Кн. е посветена на 120-год. от рождението на Димитър Благоев.
600 14 - Име на лице, използвано като предмет
За него / За нея Благоев, Димитър
9 (RLIN) 294209
650 #4 - Допълнително описание по предмет – тема
Основно описание – тема или топоним Благоев, Димитър
9 (RLIN) 294209
650 #4 - Допълнително описание по предмет – тема
Основно описание – тема или топоним Социалисти, български - биографии
9 (RLIN) 292365
651 #4 - Допълнително описание по предмет - топоним
Географско понятие България
9 (RLIN) 241624
653 ## - Ключова дума – ненормативна
Ключова дума социалисти
653 ## - Ключова дума – ненормативна
Ключова дума Димитър Благоев
653 ## - Ключова дума – ненормативна
Ключова дума автобиографии
700 1# - Други автори (авторска отговорност)
Лично име Коновалов, Владимир
Автороска отговорност (Описва отношението между автора и произведението) худож.
9 (RLIN) 377722
700 1# - Други автори (авторска отговорност)
Лично име Топчиева, Катя
Автороска отговорност (Описва отношението между автора и произведението) предг. от
9 (RLIN) 376765
852 ## - Местоположение
Форматна сигнатура Цб І 15429
856 4# - Електронен адрес и достъп
Електронен формат pdf - файл
Път до файла /url/
856 4# - Електронен адрес и достъп
Електронен формат pdf - файл
Път до файла /url/
942 ## - АРТИКУЛИ
Вид на библиотечния материал Книги
Скрит в OPAC Не
944 ## - СЪЗДАВАНЕ И РЕДАКЦИЯ на ЗАПИСА
Създаване/Редакция Създаване
Дата на регистрацията/редакция 25.09.2012
Статус, дата на статуса Нора Радева
Служител, извършил регистрацията/редакцията 30545
944 ## - СЪЗДАВАНЕ И РЕДАКЦИЯ на ЗАПИСА
Създаване/Редакция Редакция
Дата на регистрацията/редакция 25.09.2012
Статус, дата на статуса 25.09.2012 - от С1,Р / 25.09.2012
Служител, извършил регистрацията/редакцията
999 ## - СИСТЕМНИ КОНТРОЛНИ НОМЕРА
Koha biblionumber 128470
Koha biblioitemnumber 128470
Наличности
Код за отписване Код за изгубен артикул Източник на класификационната схема Код за повреда Коз за рестрикции Код за отдаване Артикулен № Име на библиотеката - собственик Име на библиотеката, в която се намира в момента Статус (Текущо местоположение) Дата на вписване в системата Местоположение - отдел Цена в лева Инвентарен номер Систематично азбучна сигнатура Баркод Номер на екземпляра Цена в евро Служебна бележка Служебен тип на артикула
  Не е изгубен Universal Decimal Classification Не е повреден само за читалня ползва се в читалня 208782 Регионална библиотека "Любен Каравелов" Русе Регионална библиотека "Любен Каравелов" Русе Хранилище 1977-01-01 Хранилище 0.66 224933 Цб І 15429 120000224933 1 0.34 N: стар фонд Дата: 01.01.1977 Книги
Vip Innovations Ltd, Rousse, Bulgaria 2025